Catálogo
 En Linea

Antropología / (Registro nro. 40104)

Detalles MARC
000 -CABECERA
campo de control de longitud fija 00784nam a2200229 a 4500
001 - NÚMERO DE CONTROL
campo de control 000040614
005 - FECHA Y HORA DE LA ÚLTIMA TRANSACCIÓN
campo de control 20201002034243.0
008 - DATOS DE LONGITUD FIJA--INFORMACIÓN GENERAL
campo de control de longitud fija 130904s2008 sp a 001 0 spa d
020 ## - NÚMERO INTERNACIONAL ESTÁNDAR DEL LIBRO
Número Internacional Estándar del Libro 9788420537436
040 ## - FUENTE DE LA CATALOGACIÓN
Centro catalogador/agencia de origen DO-SdBNP
Lengua de catalogación spa
Centro/agencia transcriptor BNPHU
100 1# - ENTRADA PRINCIPAL--NOMBRE DE PERSONA
Nombre de persona aEmber, Carol R.
9 (RLIN) 66950
240 10 - TÍTULO UNIFORME
Título uniforme Antropology
245 #0 - MENCIÓN DE TÍTULO
Título Antropología /
Mención de responsabilidad, etc. Carol R. Ember, Melvin Ember, Peter Peregrine ; traducción, Santiago Montero y Joaquín Sánchez.
250 ## - MENCIÓN DE EDICIÓN
Mención de edición 10a ed
260 ## - PUBLICACIÓN, DISTRIBUCIÓN, ETC.
Lugar de publicación, distribución, etc. Madrid :
Nombre del editor, distribuidor, etc. Pearson,
Fecha de publicación, distribución, etc. 2008.
300 ## - DESCRIPCIÓN FÍSICA
Extensión XXII, 491 p. :
Otras características físicas il., retrs. ;
Dimensiones 25 cm
Material acompañante/anejo 1 disco compacto (CD-ROM)
504 ## - NOTA DE BIBLIOGRAFÍA, ETC.
Nota de bibliografía, etc. Bibliografía e índices
700 1# - PUNTO DE ACCESO ADICIONAL--NOMBRE DE PERSONA
Nombre de persona Ember, Melvin
9 (RLIN) 66951
700 1# - PUNTO DE ACCESO ADICIONAL--NOMBRE DE PERSONA
Nombre de persona Peregrine, Peter
9 (RLIN) 66952
700 1# - PUNTO DE ACCESO ADICIONAL--NOMBRE DE PERSONA
Nombre de persona Montero, Santiago
9 (RLIN) 66953
700 1# - PUNTO DE ACCESO ADICIONAL--NOMBRE DE PERSONA
Nombre de persona Sánchez Baides, Joaquín
Término indicativo de función/relación tr.
9 (RLIN) 66954
Existencias
Estado de retiro Estado de pérdida Restricciones de uso No para préstamo Código de colección Localización permanente Ubicación/localización actual Ubicación en estantería Fecha de adquisición Número de inventario Total de préstamos Signatura topográfica completa Código de barras Fecha visto por última vez Precio válido a partir de Tipo de ítem Koha
      Excluido de préstamo Monografías: Libros y Folletos General General En catalogación 04.09.2013 LF1   40614-10 25.06.2020 25.06.2020 No se presta

Con tecnología Koha